[Event "DEM U18 2020"]
[Site "Willingen GER"]
[Date "2020.10.22"]
[Round "4"]
[White "Roseneck, Jonas"]
[Black "Gutkin, Ilya"]
[Result "1/2-1/2"]
[Termination "normal"]
[Board "3"]
[WhiteTitle "FM"]
[WhiteElo "2417"]
[BlackElo "2203"]
[WhiteClock "00:15:33"]
[BlackClock "00:16:49"]
[PlyCount "97"]
[WhiteFideId "12939870"]
[BlackFideId "16203470"]
[EventCountry "GER"]
[EventRounds "7"]
[EventType "swiss"]
[EventDate "2020.10.19"]

1. e4 {[%clk 1:30:58]} c5 {[%clk 1:30:46]} 2. Nf3 {[%clk 1:31:24]} Nc6 {[%clk
1:31:12]} 3. d4 {[%clk 1:31:51]} cxd4 {[%clk 1:31:36]} 4. Nxd4 {[%clk 1:32:19]}
g6 {[%clk 1:31:56]} 5. c4 {[%clk 1:32:15]} Nf6 {[%clk 1:31:56]} 6. Nc3 {[%clk
1:32:41]} d6 {[%clk 1:32:06]} 7. f3 {[%clk 1:29:31]} Nxd4 {[%clk 1:32:15]} 8.
Qxd4 {[%clk 1:29:55]} Bg7 {[%clk 1:32:40]} 9. Be3 {[%clk 1:30:11]} O-O {[%clk
1:32:36]} 10. Qd2 {[%clk 1:30:33]} Be6 {[%clk 1:26:35]} 11. Rc1 {[%clk
1:30:02]} Qa5 {[%clk 1:24:32]} 12. b3 {[%clk 1:25:39]} Rfc8 {[%clk 1:23:02]}
13. Bd3 {[%clk 1:26:02]} a6 {[%clk 1:19:45]} 14. Ne2 {[%clk 1:26:27]} Qxd2+
{[%clk 1:13:21]} 15. Kxd2 {[%clk 1:26:55]} a5 {[%clk 1:09:26]} 16. Nd4 {[%clk
0:56:01]} Nd7 {[%clk 1:05:06]} 17. g4 {[%clk 0:45:11]} Nc5 {[%clk 0:54:00]} 18.
Be2 {[%clk 0:45:36]} Bd7 {[%clk 0:53:13]} 19. Rb1 {[%clk 0:37:01]} Bc6 {[%clk
0:48:29]} 20. h4 {[%clk 0:34:49]} e6 {[%clk 0:37:13]} 21. Rhc1 {[%clk 0:31:13]}
Re8 {[%clk 0:32:54]} 22. Ke1 {[%clk 0:29:25]} f5 {[%clk 0:20:14]} 23. Rd1
{[%clk 0:20:53]} Rad8 {[%clk 0:18:28]} 24. Nxc6 {[%clk 0:16:30]} bxc6 {[%clk
0:18:53]} 25. Bf4 {[%clk 0:14:36]} d5 {[%clk 0:13:20]} 26. Bg5 {[%clk 0:07:10]}
Rd7 {[%clk 0:13:03]} 27. cxd5 {[%clk 0:07:14]} exd5 {[%clk 0:13:27]} 28. Rbc1
{[%clk 0:03:04]} fxe4 {[%clk 0:13:44]} 29. Kf2 {[%clk 0:02:14]} exf3 {[%clk
0:12:46]} 30. Bxf3 {[%clk 0:02:43]} Bf8 {[%clk 0:09:31]} 31. Kg2 {[%clk
0:01:42]} Rf7 {[%clk 0:06:11]} 32. Rc3 {[%clk 0:01:09]} Bd6 {[%clk 0:04:07]}
33. Rdc1 {[%clk 0:00:53]} Ne4 {[%clk 0:02:09]} 34. Rxc6 {[%clk 0:01:16]} Bf4
{[%clk 0:01:58]} 35. Bxf4 {[%clk 0:00:54]} Rxf4 {[%clk 0:02:22]} 36. Rc8 {[%clk
0:01:17]} Kf8 {[%clk 0:01:29]} 37. Rxe8+ {[%clk 0:00:35]} Kxe8 {[%clk 0:01:54]}
38. Rc7 {[%clk 0:00:32]} Nd2 {[%clk 0:01:25]} 39. Bxd5 {[%clk 0:00:40]} Rxg4+
{[%clk 0:01:45]} 40. Kh3 {[%clk 0:00:38]} h5 {[%clk 0:00:46]} 41. Bg2 {[%clk
0:25:40]} Ne4 {[%clk 0:27:58]} 42. Rc4 {[%clk 0:24:06]} Nf2+ {[%clk 0:24:48]}
43. Kh2 {[%clk 0:24:36]} g5 {[%clk 0:22:14]} 44. hxg5 {[%clk 0:23:22]} Rxg5
{[%clk 0:22:08]} 45. Bf3 {[%clk 0:22:34]} Kd7 {[%clk 0:17:49]} 46. Rh4 {[%clk
0:18:06]} Ng4+ {[%clk 0:17:03]} 47. Bxg4+ {[%clk 0:17:07]} hxg4 {[%clk
0:16:27]} 48. Kg3 {[%clk 0:15:50]} Kc6 {[%clk 0:16:49]} 49. Rxg4 {[%clk
0:15:33]} 1/2-1/2

[Event "DEM U18 2020"]
[Site "Willingen GER"]
[Date "2020.10.22"]
[Round "4"]
[White "Färber, David"]
[Black "Knüdel, Torben"]
[Result "1-0"]
[Termination "normal"]
[Board "4"]
[WhiteElo "2321"]
[BlackElo "2211"]
[WhiteClock "00:09:17"]
[BlackClock "00:18:12"]
[PlyCount "153"]
[WhiteFideId "12971294"]
[BlackFideId "16208820"]
[EventCountry "GER"]
[EventRounds "7"]
[EventType "swiss"]
[EventDate "2020.10.19"]

1. e4 {[%clk 1:30:56]} e5 {[%clk 1:30:55]} 2. Nf3 {[%clk 1:30:34]} Nc6 {[%clk
1:31:20]} 3. Bb5 {[%clk 1:30:39]} a6 {[%clk 1:31:45]} 4. Ba4 {[%clk 1:30:35]}
Nf6 {[%clk 1:32:04]} 5. O-O {[%clk 1:30:57]} Be7 {[%clk 1:32:29]} 6. Re1 {[%clk
1:31:07]} b5 {[%clk 1:32:51]} 7. Bb3 {[%clk 1:31:32]} O-O {[%clk 1:33:17]} 8.
a4 {[%clk 1:31:19]} Bb7 {[%clk 1:33:03]} 9. d3 {[%clk 1:27:31]} d6 {[%clk
1:33:24]} 10. Bd2 {[%clk 1:24:41]} Qd7 {[%clk 1:20:46]} 11. Nc3 {[%clk
1:21:17]} Na5 {[%clk 1:07:25]} 12. Ba2 {[%clk 1:21:16]} c5 {[%clk 1:07:35]} 13.
axb5 {[%clk 1:05:00]} axb5 {[%clk 1:06:46]} 14. Bg5 {[%clk 1:05:07]} b4 {[%clk
1:05:51]} 15. Bxf6 {[%clk 1:04:33]} Bxf6 {[%clk 1:06:04]} 16. Nd5 {[%clk
1:04:38]} Bd8 {[%clk 1:05:04]} 17. Nd2 {[%clk 0:54:00]} Nc6 {[%clk 0:45:07]}
18. Nc4 {[%clk 0:49:35]} Ra6 {[%clk 0:45:03]} 19. Nce3 {[%clk 0:48:06]} g6
{[%clk 0:29:41]} 20. Bc4 {[%clk 0:32:38]} Rxa1 {[%clk 0:29:55]} 21. Qxa1 {[%clk
0:33:05]} Kg7 {[%clk 0:29:31]} 22. Ba6 {[%clk 0:33:11]} f5 {[%clk 0:17:55]} 23.
Bxb7 {[%clk 0:33:31]} Qxb7 {[%clk 0:18:19]} 24. f3 {[%clk 0:30:51]} fxe4 {[%clk
0:10:05]} 25. dxe4 {[%clk 0:26:53]} Qb5 {[%clk 0:10:22]} 26. Qd1 {[%clk
0:23:11]} Bh4 {[%clk 0:08:46]} 27. Nc7 {[%clk 0:18:53]} Qb6 {[%clk 0:05:53]}
28. Ned5 {[%clk 0:17:38]} Qa7 {[%clk 0:05:47]} 29. Rf1 {[%clk 0:11:01]} Rc8
{[%clk 0:05:05]} 30. Ne6+ {[%clk 0:09:18]} Kg8 {[%clk 0:04:13]} 31. f4 {[%clk
0:08:32]} c4+ {[%clk 0:04:39]} 32. Kh1 {[%clk 0:08:53]} h5 {[%clk 0:01:52]} 33.
f5 {[%clk 0:07:16]} Nd4 {[%clk 0:01:59]} 34. g3 {[%clk 0:05:19]} Bd8 {[%clk
0:00:39]} 35. Nxd8 {[%clk 0:03:12]} Rxd8 {[%clk 0:01:02]} 36. fxg6 {[%clk
0:03:30]} Rf8 {[%clk 0:00:38]} 37. Rxf8+ {[%clk 0:03:40]} Kxf8 {[%clk 0:01:08]}
38. Qxh5 {[%clk 0:04:00]} Qg7 {[%clk 0:01:00]} 39. Qg4 {[%clk 0:03:42]} Qh6
{[%clk 0:01:07]} 40. Qc8+ {[%clk 0:03:21]} Kg7 {[%clk 0:01:27]} 41. Qd7+ {[%clk
0:29:47]} Kxg6 {[%clk 0:31:18]} 42. Qxd6+ {[%clk 0:29:57]} Kh7 {[%clk 0:31:17]}
43. Qxh6+ {[%clk 0:23:47]} Kxh6 {[%clk 0:31:39]} 44. c3 {[%clk 0:24:09]} bxc3
{[%clk 0:31:39]} 45. bxc3 {[%clk 0:24:31]} Nf3 {[%clk 0:29:34]} 46. Ne3 {[%clk
0:21:46]} Nd2 {[%clk 0:29:22]} 47. Ng4+ {[%clk 0:21:23]} Kg5 {[%clk 0:27:59]}
48. Nxe5 {[%clk 0:21:47]} Kf6 {[%clk 0:24:33]} 49. Ng4+ {[%clk 0:20:28]} Ke6
{[%clk 0:22:05]} 50. e5 {[%clk 0:17:26]} Kf5 {[%clk 0:20:44]} 51. h3 {[%clk
0:16:44]} Ne4 {[%clk 0:20:36]} 52. Kg2 {[%clk 0:16:39]} Nxc3 {[%clk 0:21:00]}
53. Ne3+ {[%clk 0:17:06]} Kxe5 {[%clk 0:21:25]} 54. Nxc4+ {[%clk 0:17:33]} Kd4
{[%clk 0:20:34]} 55. Nd2 {[%clk 0:16:19]} Nd5 {[%clk 0:20:42]} 56. Kf3 {[%clk
0:16:25]} Ke5 {[%clk 0:21:06]} 57. Nc4+ {[%clk 0:16:39]} Kd4 {[%clk 0:21:03]}
58. Nd2 {[%clk 0:17:04]} Ke5 {[%clk 0:21:26]} 59. h4 {[%clk 0:17:29]} Kf6
{[%clk 0:21:21]} 60. Nc4 {[%clk 0:17:30]} Ne7 {[%clk 0:21:20]} 61. g4 {[%clk
0:16:52]} Ng6 {[%clk 0:21:02]} 62. Kg3 {[%clk 0:17:07]} Ne7 {[%clk 0:21:20]}
63. Ne3 {[%clk 0:17:27]} Ke5 {[%clk 0:21:31]} 64. h5 {[%clk 0:17:30]} Ke4
{[%clk 0:21:46]} 65. Nc4 {[%clk 0:17:19]} Kd5 {[%clk 0:22:07]} 66. Nd2 {[%clk
0:17:29]} Ke5 {[%clk 0:22:17]} 67. Nf3+ {[%clk 0:16:47]} Kf6 {[%clk 0:22:17]}
68. Kh4 {[%clk 0:15:38]} Nc6 {[%clk 0:22:11]} 69. g5+ {[%clk 0:13:03]} Kf5
{[%clk 0:22:33]} 70. h6 {[%clk 0:13:10]} Kg6 {[%clk 0:20:54]} 71. Kg4 {[%clk
0:13:25]} Ne7 {[%clk 0:20:27]} 72. Ne5+ {[%clk 0:13:25]} Kh7 {[%clk 0:20:49]}
73. Kh5 {[%clk 0:13:32]} Nd5 {[%clk 0:19:59]} 74. g6+ {[%clk 0:13:30]} Kg8
{[%clk 0:20:18]} 75. Kg5 {[%clk 0:11:01]} Ne7 {[%clk 0:19:52]} 76. Nf7 {[%clk
0:09:00]} Kf8 {[%clk 0:18:12]} 77. h7 {[%clk 0:09:17]} 1-0

[Event "DEM U18 2020"]
[Site "Willingen GER"]
[Date "2020.10.22"]
[Round "4"]
[White "Wachinger, Nikolas"]
[Black "Mätzkow, Maximilian Paul"]
[Result "1-0"]
[Termination "normal"]
[Board "5"]
[WhiteElo "2334"]
[BlackElo "2242"]
[WhiteClock "00:24:39"]
[BlackClock "00:11:48"]
[PlyCount "73"]
[WhiteFideId "12962791"]
[BlackFideId "24679933"]
[EventCountry "GER"]
[EventRounds "7"]
[EventType "swiss"]
[EventDate "2020.10.19"]

1. c4 e6 2. Nc3 {[%clk 1:31:15]} Nf6 {[%clk 1:28:31]} 3. e4 {[%clk 1:31:37]} d5
{[%clk 1:28:58]} 4. e5 {[%clk 1:31:56]} d4 {[%clk 1:27:56]} 5. exf6 {[%clk
1:32:18]} dxc3 {[%clk 1:28:19]} 6. bxc3 {[%clk 1:32:42]} Qxf6 {[%clk 1:25:26]}
7. Nf3 {[%clk 1:33:04]} h6 {[%clk 0:51:09]} 8. d4 {[%clk 1:32:15]} Nd7 {[%clk
0:49:19]} 9. Bd3 {[%clk 1:31:14]} Bd6 {[%clk 0:46:51]} 10. O-O {[%clk 1:16:14]}
O-O {[%clk 0:46:05]} 11. Qe2 {[%clk 1:10:13]} Rd8 {[%clk 0:41:21]} 12. c5
{[%clk 1:00:17]} Bf8 {[%clk 0:39:11]} 13. Qe4 {[%clk 1:00:17]} g6 {[%clk
0:39:33]} 14. Bf4 {[%clk 0:59:49]} c6 {[%clk 0:37:51]} 15. h4 {[%clk 0:55:10]}
Qf5 {[%clk 0:34:01]} 16. Qe3 {[%clk 0:54:44]} Qh5 {[%clk 0:34:00]} 17. Bc7
{[%clk 0:50:31]} Re8 {[%clk 0:34:10]} 18. Qf4 {[%clk 0:50:31]} e5 {[%clk
0:31:03]} 19. Nxe5 {[%clk 0:50:07]} Nxe5 {[%clk 0:31:17]} 20. Bxe5 {[%clk
0:50:34]} Bg7 {[%clk 0:30:50]} 21. Bxg7 {[%clk 0:48:56]} Kxg7 {[%clk 0:31:17]}
22. Rfe1 {[%clk 0:47:58]} Re6 {[%clk 0:22:12]} 23. Bc4 {[%clk 0:43:40]} Rf6
{[%clk 0:22:33]} 24. Qg3 {[%clk 0:44:00]} b6 {[%clk 0:16:56]} 25. cxb6 {[%clk
0:35:16]} axb6 {[%clk 0:16:58]} 26. Re8 {[%clk 0:35:28]} Qf5 {[%clk 0:15:46]}
27. Rae1 {[%clk 0:34:40]} Bb7 {[%clk 0:14:25]} 28. R8e5 {[%clk 0:28:47]} Qc2
{[%clk 0:13:35]} 29. Bb3 {[%clk 0:27:27]} Qb2 {[%clk 0:12:09]} 30. R5e2 {[%clk
0:26:51]} Qa3 {[%clk 0:12:38]} 31. Re7 {[%clk 0:27:09]} Ba6 {[%clk 0:11:58]}
32. Qe5 {[%clk 0:24:56]} Rf8 {[%clk 0:12:04]} 33. Re3 {[%clk 0:23:10]} Qd6
{[%clk 0:10:26]} 34. Qxd6 {[%clk 0:23:30]} Rxd6 {[%clk 0:10:54]} 35. Rf3 {[%clk
0:23:53]} Rf6 {[%clk 0:11:22]} 36. Rxf6 {[%clk 0:24:15]} Kxf6 {[%clk 0:11:48]}
37. Rc7 {[%clk 0:24:39]} 1-0

[Event "DEM U18 2020"]
[Site "Willingen GER"]
[Date "2020.10.22"]
[Round "4"]
[White "Woelk, Tom-Frederic"]
[Black "Richter, Philipp"]
[Result "0-1"]
[Termination "normal"]
[Board "6"]
[WhiteElo "2253"]
[BlackElo "2254"]
[WhiteClock "00:15:09"]
[BlackClock "00:17:41"]
[PlyCount "140"]
[WhiteFideId "12993077"]
[BlackFideId "16219929"]
[EventCountry "GER"]
[EventRounds "7"]
[EventType "swiss"]
[EventDate "2020.10.19"]

1. d4 {[%clk 1:30:58]} Nf6 {[%clk 1:30:55]} 2. c4 {[%clk 1:31:19]} c5 {[%clk
1:31:21]} 3. d5 {[%clk 1:31:46]} b5 {[%clk 1:31:45]} 4. cxb5 {[%clk 1:32:11]}
a6 {[%clk 1:32:11]} 5. bxa6 {[%clk 1:32:38]} g6 {[%clk 1:32:31]} 6. Nc3 {[%clk
1:33:04]} Bg7 {[%clk 1:32:26]} 7. e4 {[%clk 1:33:21]} O-O {[%clk 1:33:20]} 8.
a7 {[%clk 1:33:49]} Rxa7 {[%clk 1:33:42]} 9. Nf3 {[%clk 1:34:17]} e6 {[%clk
1:34:02]} 10. Be2 {[%clk 1:34:43]} exd5 {[%clk 1:34:18]} 11. exd5 {[%clk
1:35:10]} d6 {[%clk 1:34:39]} 12. O-O {[%clk 1:35:34]} Na6 {[%clk 1:35:02]} 13.
Nb5 {[%clk 1:36:00]} Rd7 {[%clk 1:35:21]} 14. Bc4 {[%clk 1:36:26]} Bb7 {[%clk
1:35:05]} 15. Bg5 {[%clk 1:36:18]} Qa8 {[%clk 1:30:50]} 16. Bxf6 {[%clk
1:28:12]} Bxf6 {[%clk 1:31:14]} 17. Qb3 {[%clk 1:28:33]} Nc7 {[%clk 1:16:03]}
18. Rfd1 {[%clk 1:11:02]} Nxb5 {[%clk 1:06:06]} 19. Bxb5 {[%clk 1:06:28]} Re7
{[%clk 1:04:06]} 20. Rab1 {[%clk 0:44:03]} Rb8 {[%clk 0:57:06]} 21. Qc4 {[%clk
0:41:44]} Bc8 {[%clk 0:21:22]} 22. Qf4 {[%clk 0:34:08]} Kg7 {[%clk 0:17:56]}
23. Bc6 {[%clk 0:32:14]} Qxa2 {[%clk 0:13:57]} 24. Qxd6 {[%clk 0:32:18]} Qa7
{[%clk 0:10:25]} 25. Qf4 {[%clk 0:18:16]} Rb4 {[%clk 0:09:04]} 26. Qg3 {[%clk
0:13:36]} Rg4 {[%clk 0:08:05]} 27. Qd6 {[%clk 0:10:31]} Re2 {[%clk 0:08:04]}
28. Ra1 {[%clk 0:06:34]} Qb6 {[%clk 0:07:51]} 29. h3 {[%clk 0:06:37]} c4 {[%clk
0:06:40]} 30. Rf1 {[%clk 0:06:56]} Be7 {[%clk 0:05:49]} 31. Qh2 {[%clk
0:07:12]} Rge4 {[%clk 0:05:42]} 32. Ra8 {[%clk 0:04:50]} Rxf2 {[%clk 0:05:14]}
33. Rxf2 {[%clk 0:04:08]} Re2 {[%clk 0:05:33]} 34. Qg3 {[%clk 0:02:57]} Bc5
{[%clk 0:05:55]} 35. Kh2 {[%clk 0:03:14]} Bxf2 {[%clk 0:05:38]} 36. Qb8 {[%clk
0:02:12]} Qxb8+ {[%clk 0:05:52]} 37. Rxb8 {[%clk 0:02:39]} Bf5 {[%clk 0:06:07]}
38. d6 {[%clk 0:02:55]} Bc5 {[%clk 0:06:25]} 39. Rd8 {[%clk 0:01:47]} Rxb2
{[%clk 0:06:28]} 40. d7 {[%clk 0:02:01]} Bd6+ {[%clk 0:03:16]} 41. Kh1 {[%clk
0:23:56]} Rb1+ {[%clk 0:23:23]} 42. Ng1 {[%clk 0:24:24]} Bc7 {[%clk 0:21:24]}
43. Rc8 {[%clk 0:17:28]} Bb6 {[%clk 0:20:41]} 44. Rb8 {[%clk 0:17:32]} Rxg1+
{[%clk 0:21:02]} 45. Kh2 {[%clk 0:18:01]} Rd1 {[%clk 0:21:09]} 46. Rxb6 {[%clk
0:18:16]} Bxd7 {[%clk 0:21:32]} 47. Bxd7 {[%clk 0:16:42]} Rxd7 {[%clk 0:21:54]}
48. Rc6 {[%clk 0:17:12]} Rd4 {[%clk 0:22:14]} 49. Kg1 {[%clk 0:17:38]} Rd1+
{[%clk 0:22:12]} 50. Kf2 {[%clk 0:17:54]} Rc1 {[%clk 0:22:35]} 51. Ke3 {[%clk
0:17:20]} Rc3+ {[%clk 0:17:09]} 52. Ke2 {[%clk 0:12:50]} h5 {[%clk 0:17:18]}
53. h4 {[%clk 0:12:36]} Rg3 {[%clk 0:17:10]} 54. Kf2 {[%clk 0:11:27]} Rg4
{[%clk 0:16:19]} 55. g3 {[%clk 0:11:51]} f5 {[%clk 0:13:29]} 56. Kf3 {[%clk
0:11:18]} Kf7 {[%clk 0:13:50]} 57. Rc7+ {[%clk 0:10:56]} Ke6 {[%clk 0:14:11]}
58. Rc8 {[%clk 0:11:18]} Kd5 {[%clk 0:14:34]} 59. Rd8+ {[%clk 0:11:39]} Kc5
{[%clk 0:14:58]} 60. Rc8+ {[%clk 0:11:58]} Kd4 {[%clk 0:15:21]} 61. Rd8+ {[%clk
0:12:17]} Kc3 {[%clk 0:15:41]} 62. Rc8 {[%clk 0:12:13]} Kd3 {[%clk 0:15:59]}
63. Rc6 {[%clk 0:12:10]} c3 {[%clk 0:16:18]} 64. Rd6+ {[%clk 0:12:38]} Kc2
{[%clk 0:16:35]} 65. Rc6 {[%clk 0:13:02]} Kb2 {[%clk 0:16:25]} 66. Rb6+ {[%clk
0:13:26]} Kc1 {[%clk 0:16:46]} 67. Rc6 {[%clk 0:13:51]} c2 {[%clk 0:17:08]} 68.
Rb6 {[%clk 0:14:16]} Kd2 {[%clk 0:17:01]} 69. Rd6+ {[%clk 0:14:41]} Kc3 {[%clk
0:17:20]} 70. Rc6+ {[%clk 0:15:09]} Rc4 {[%clk 0:17:41]} 0-1

[Event "DEM U18 2020"]
[Site "Willingen GER"]
[Date "2020.10.22"]
[Round "4"]
[White "Papadopoulos, Ioannis"]
[Black "Stelmaszyk, Nico"]
[Result "0-1"]
[Termination "normal"]
[Board "7"]
[WhiteElo "2186"]
[BlackElo "2301"]
[WhiteClock "00:00:56"]
[BlackClock "00:03:10"]
[PlyCount "94"]
[WhiteFideId "12955752"]
[BlackFideId "16200462"]
[EventCountry "GER"]
[EventRounds "7"]
[EventType "swiss"]
[EventDate "2020.10.19"]

1. e4 {[%clk 1:30:58]} c5 {[%clk 1:30:54]} 2. Nf3 {[%clk 1:31:01]} Nc6 {[%clk
1:31:18]} 3. d4 {[%clk 1:31:26]} cxd4 {[%clk 1:31:43]} 4. Nxd4 {[%clk 1:31:53]}
g6 {[%clk 1:32:01]} 5. Nc3 {[%clk 1:32:18]} Bg7 {[%clk 1:32:27]} 6. Be3 {[%clk
1:32:45]} Nf6 {[%clk 1:32:49]} 7. Bc4 {[%clk 1:33:10]} Qa5 {[%clk 1:33:13]} 8.
O-O {[%clk 1:32:39]} O-O {[%clk 1:33:32]} 9. Bb3 {[%clk 1:32:53]} d6 {[%clk
1:33:56]} 10. f3 {[%clk 1:29:47]} Bd7 {[%clk 1:34:20]} 11. Qd2 {[%clk 1:28:44]}
Rfc8 {[%clk 1:32:50]} 12. Rad1 {[%clk 1:27:34]} Ne5 {[%clk 1:32:22]} 13. Nd5
{[%clk 1:17:52]} Qxd2 {[%clk 1:30:14]} 14. Rxd2 {[%clk 1:18:06]} Nxd5 {[%clk
1:29:07]} 15. Bxd5 {[%clk 1:08:44]} Nc4 {[%clk 1:27:39]} 16. Bxc4 {[%clk
1:06:21]} Rxc4 {[%clk 1:28:02]} 17. c3 {[%clk 1:06:14]} a5 {[%clk 1:26:51]} 18.
Nc2 {[%clk 0:56:06]} f5 {[%clk 1:16:13]} 19. exf5 {[%clk 0:52:49]} Bxf5 {[%clk
1:10:56]} 20. Bg5 {[%clk 0:45:05]} Bxc2 {[%clk 0:51:23]} 21. Rxc2 {[%clk
0:45:31]} Kf7 {[%clk 0:51:24]} 22. Re1 {[%clk 0:44:47]} e6 {[%clk 0:50:55]} 23.
Rce2 {[%clk 0:42:09]} Re8 {[%clk 0:50:40]} 24. Re4 {[%clk 0:41:56]} b5 {[%clk
0:50:00]} 25. a4 {[%clk 0:37:39]} d5 {[%clk 0:31:22]} 26. Rf4+ {[%clk 0:36:37]}
Rxf4 {[%clk 0:31:45]} 27. Bxf4 {[%clk 0:37:05]} bxa4 {[%clk 0:30:58]} 28. Ra1
{[%clk 0:33:00]} d4 {[%clk 0:30:37]} 29. cxd4 {[%clk 0:29:57]} Bxd4+ {[%clk
0:30:34]} 30. Kf1 {[%clk 0:30:21]} Bxb2 {[%clk 0:28:33]} 31. Rxa4 {[%clk
0:30:47]} Bc3 {[%clk 0:28:37]} 32. Ke2 {[%clk 0:29:13]} Bb4 {[%clk 0:21:05]}
33. Bd2 {[%clk 0:26:26]} Rb8 {[%clk 0:19:45]} 34. Bxb4 {[%clk 0:25:08]} axb4
{[%clk 0:20:08]} 35. Ra2 {[%clk 0:23:29]} Kf6 {[%clk 0:20:27]} 36. Rb2 {[%clk
0:23:32]} Ke5 {[%clk 0:17:19]} 37. Ke3 {[%clk 0:22:35]} Kd5 {[%clk 0:17:09]}
38. Kd3 {[%clk 0:21:52]} e5 {[%clk 0:12:26]} 39. h4 {[%clk 0:16:42]} Rb7 {[%clk
0:08:26]} 40. Rb3 {[%clk 0:10:59]} Kc5 {[%clk 0:06:01]} 41. Rb1 {[%clk
0:11:08]} b3 {[%clk 0:04:50]} 42. Kc3 {[%clk 0:06:38]} b2 {[%clk 0:04:45]} 43.
Kd3 {[%clk 0:02:34]} Rb3+ {[%clk 0:03:14]} 44. Ke4 {[%clk 0:02:42]} Kd6 {[%clk
0:03:03]} 45. g4 {[%clk 0:00:57]} Ke6 {[%clk 0:02:28]} 46. h5 {[%clk 0:00:34]}
gxh5 {[%clk 0:02:45]} 47. gxh5 {[%clk 0:00:56]} h6 {[%clk 0:03:10]} 0-1

[Event "DEM U18 2020"]
[Site "Willingen GER"]
[Date "2020.10.22"]
[Round "4"]
[White "Tschernatsch, Johannes"]
[Black "Burian, Simon"]
[Result "0-1"]
[Termination "normal"]
[Board "8"]
[WhiteElo "2251"]
[BlackElo "2113"]
[WhiteClock "00:02:02"]
[BlackClock "00:10:46"]
[PlyCount "76"]
[WhiteFideId "16223977"]
[BlackFideId "12956902"]
[EventCountry "GER"]
[EventRounds "7"]
[EventType "swiss"]
[EventDate "2020.10.19"]

1. e4 {[%clk 1:30:57]} c6 {[%clk 1:30:55]} 2. d4 {[%clk 1:31:18]} d5 {[%clk
1:31:21]} 3. e5 {[%clk 1:31:43]} c5 {[%clk 1:31:47]} 4. dxc5 {[%clk 1:31:36]}
e6 {[%clk 1:32:13]} 5. a3 {[%clk 1:31:17]} Bxc5 {[%clk 1:32:34]} 6. Qg4 {[%clk
1:30:33]} g6 {[%clk 1:31:49]} 7. Nf3 {[%clk 1:29:30]} h5 {[%clk 1:28:27]} 8.
Qf4 {[%clk 1:25:44]} Nh6 {[%clk 1:25:43]} 9. Bd3 {[%clk 1:23:38]} Nd7 {[%clk
1:22:03]} 10. O-O {[%clk 1:22:59]} Qc7 {[%clk 1:16:56]} 11. c4 {[%clk 1:20:50]}
dxc4 {[%clk 1:12:57]} 12. Bxc4 {[%clk 1:21:09]} Ng4 {[%clk 1:08:13]} 13. Nc3
{[%clk 1:09:01]} O-O {[%clk 1:00:16]} 14. Ne4 {[%clk 1:01:34]} Be7 {[%clk
0:56:13]} 15. Be2 {[%clk 0:36:12]} b6 {[%clk 0:47:45]} 16. Bd2 {[%clk 0:28:40]}
Ndxe5 {[%clk 0:45:19]} 17. Rfc1 {[%clk 0:19:13]} Nxf3+ {[%clk 0:41:25]} 18.
Bxf3 {[%clk 0:19:21]} Qxf4 {[%clk 0:41:29]} 19. Bxf4 {[%clk 0:19:39]} Ba6
{[%clk 0:39:09]} 20. h3 {[%clk 0:18:57]} f5 {[%clk 0:34:48]} 21. Nd2 {[%clk
0:16:33]} Rad8 {[%clk 0:33:31]} 22. hxg4 {[%clk 0:14:24]} g5 {[%clk 0:30:39]}
23. gxf5 {[%clk 0:14:23]} gxf4 {[%clk 0:30:34]} 24. Rc7 {[%clk 0:13:49]} Rxf5
{[%clk 0:26:42]} 25. Rxe7 {[%clk 0:12:50]} Rxd2 {[%clk 0:27:06]} 26. Rxa7
{[%clk 0:13:05]} Be2 {[%clk 0:26:59]} 27. Be4 {[%clk 0:11:28]} Rf7 {[%clk
0:25:26]} 28. Rxf7 {[%clk 0:10:22]} Kxf7 {[%clk 0:25:46]} 29. b4 {[%clk
0:10:33]} Rd4 {[%clk 0:18:16]} 30. f3 {[%clk 0:10:11]} b5 {[%clk 0:18:21]} 31.
Kh2 {[%clk 0:09:49]} Rd2 {[%clk 0:17:29]} 32. Kh3 {[%clk 0:08:34]} Bc4 {[%clk
0:17:23]} 33. Bc6 {[%clk 0:07:13]} Rd6 {[%clk 0:16:40]} 34. Be4 {[%clk
0:06:47]} Rd2 {[%clk 0:17:07]} 35. g4 {[%clk 0:05:50]} fxg3 {[%clk 0:16:42]}
36. Kxg3 {[%clk 0:06:09]} Kf6 {[%clk 0:16:43]} 37. Bc6 {[%clk 0:06:04]} e5
{[%clk 0:16:26]} 38. Be8 {[%clk 0:02:02]} Bd5 {[%clk 0:10:46]} 0-1

[Event "DEM U18 2020"]
[Site "Willingen GER"]
[Date "2020.10.22"]
[Round "4"]
[White "Wong, Gengchun"]
[Black "Pahl, Theis"]
[Result "0-1"]
[Termination "normal"]
[Board "9"]
[WhiteElo "2120"]
[BlackElo "2056"]
[WhiteClock "00:14:49"]
[BlackClock "00:35:49"]
[PlyCount "58"]
[WhiteFideId "12963283"]
[BlackFideId "16201264"]
[EventCountry "GER"]
[EventRounds "7"]
[EventType "swiss"]
[EventDate "2020.10.19"]

1. e4 {[%clk 1:30:57]} c5 {[%clk 1:30:54]} 2. Nf3 {[%clk 1:31:23]} e6 {[%clk
1:31:18]} 3. d4 cxd4 4. Nxd4 {[%clk 1:31:31]} a6 {[%clk 1:31:42]} 5. Bd3 {[%clk
1:31:49]} Nc6 {[%clk 1:32:02]} 6. Nxc6 {[%clk 1:32:09]} dxc6 {[%clk 1:32:24]}
7. O-O {[%clk 1:31:40]} e5 {[%clk 1:32:39]} 8. f4 {[%clk 1:22:38]} Bc5+ {[%clk
1:29:17]} 9. Kh1 {[%clk 1:23:01]} Nf6 {[%clk 1:26:28]} 10. h3 {[%clk 1:15:31]}
h5 {[%clk 1:24:34]} 11. Qe1 {[%clk 0:57:48]} h4 {[%clk 1:07:15]} 12. fxe5 Nh5
13. Rf3 {[%clk 0:42:11]} Be6 {[%clk 1:04:30]} 14. Be3 {[%clk 0:38:19]} Qe7
{[%clk 0:42:16]} 15. Bxc5 {[%clk 0:36:06]} Qxc5 {[%clk 0:42:00]} 16. Qc3 Qxc3
17. Nxc3 Ng3+ 18. Kh2 {[%clk 0:32:27]} Rh5 {[%clk 0:41:57]} 19. Rf4 {[%clk
0:24:00]} Ke7 {[%clk 0:41:14]} 20. Ne2 {[%clk 0:21:23]} Nxe2 {[%clk 0:40:27]}
21. Bxe2 {[%clk 0:21:50]} Rxe5 {[%clk 0:40:44]} 22. Rxh4 {[%clk 0:21:51]} g5
{[%clk 0:41:01]} 23. Rh5 {[%clk 0:21:06]} Rxe4 {[%clk 0:39:48]} 24. Bd3 {[%clk
0:20:32]} Re5 {[%clk 0:39:49]} 25. a3 {[%clk 0:16:07]} c5 {[%clk 0:37:16]} 26.
h4 {[%clk 0:15:51]} c4 {[%clk 0:36:36]} 27. Bf1 {[%clk 0:16:00]} Rg8 {[%clk
0:35:46]} 28. Rd1 {[%clk 0:14:35]} Bg4 {[%clk 0:35:50]} 29. Rxg5 {[%clk
0:14:49]} Rgxg5 {[%clk 0:35:49]} 0-1